[Event "26th Rilton Cup"]
[Site "Stockholm SWE"]
[Date "1996.12.30"]
[Round "4"]
[White "Solin, Niclas"]
[Black "Brynell, Stellan"]
[Result "0-1"]
[WhiteElo "2250"]
[BlackElo "2445"]
[EventDate "1996.12.27"]
[PlyCount "56"]

1.d4 d5 2.Nf3 Nc6 3.c4 Bg4 4.cxd5 Bxf3 5.gxf3 Qxd5 6.e3 e5 7.Nc3 Bb4 8.Bd2
Bxc3 9.bxc3 exd4 10.cxd4 Nge7 11.Be2 O-O 12.Qb3 Qd6 13.Qxb7 Rab8 14.Qa6 
Rfe8 15.Qc4 Qg6 16.Bd3 Qg2 17.Ke2 Rb2 18.Be4 Reb8 19.Bxc6 Rxd2+ 20.Kxd2 
Qxf2+ 21.Kd3 Rb2 22.Qc3 Qe2+ 23.Ke4 f5+ 24.Kf4 Rb6 25.Qe1 Qc4 26.Rc1 Qe6 
27.d5 Qd6+ 28.Kg5 Qh6# 0-1

[Event "26th Rilton Cup"]
[Site "Stockholm SWE"]
[Date "1996.12.30"]
[Round "4"]
[White "Upmark, Johan"]
[Black "Boerge, Nikolaj"]
[Result "1-0"]
[WhiteElo "2140"]
[BlackElo "2455"]
[EventDate "1996.12.27"]
[PlyCount "67"]

1.e4 c5 2.Nc3 Nc6 3.g3 g6 4.Bg2 Bg7 5.f4 d6 6.Nf3 e6 7.O-O Nge7 8.d3 O-O 
9.Be3 Nd4 10.e5 Nef5 11.Bf2 Nxf3+ 12.Qxf3 Nd4 13.Qd1 dxe5 14.fxe5 Bxe5 15.
Ne4 f5 16.Nxc5 f4 17.gxf4 Bxf4 18.c3 Nf5 19.Qb3 Qd6 20.Rae1 Bxh2+ 21.Kh1 
Ng3+ 22.Bxg3 Bxg3 23.Ne4 Rxf1+ 24.Rxf1 Qe7 25.Nxg3 Qh4+ 26.Kg1 Qxg3 27.Qb5
Qe3+ 28.Kh2 Kg7 29.Qe8 Qe5+ 30.Kh1 Kh6 31.Qf8+ Kg5 32.Rg1 Qe3 33.Bf3+ Kh4 
34.Qf6+ 1-0

[Event "26th Rilton Cup"]
[Site "Stockholm SWE"]
[Date "1996.12.30"]
[Round "4"]
[White "Wieweg, Johnny"]
[Black "Wedberg, Tom"]
[Result "0-1"]
[WhiteElo "2270"]
[BlackElo "2480"]
[EventDate "1996.12.27"]
[PlyCount "64"]

1.e4 e5 2.Nf3 Nc6 3.d4 exd4 4.Nxd4 Nf6 5.Nxc6 bxc6 6.e5 Qe7 7.Qe2 Nd5 8.c4
Nb6 9.Nc3 a5 10.Qe4 Ba6 11.Bd3 Qe6 12.b3 g6 13.O-O Bg7 14.Bb2 O-O 15.Rfe1 
Rfe8 16.f4 d5 17.Qf3 dxc4 18.f5 Qd7 19.Be4 Rxe5 20.f6 Bf8 21.Bxc6 Qd4+ 22.
Kh1 Rb8 23.Na4 Rxe1+ 24.Rxe1 Qd3 25.Nxb6 Qxf3 26.gxf3 cxb6 27.Bd5 cxb3 28.
Bxb3 Rd8 29.Be5 Bb7 30.Kg2 Bc5 31.Bc7 Rd2+ 32.Kh3 Bc8+ 0-1

[Event "26th Rilton Cup"]
[Site "Stockholm SWE"]
[Date "1996.12.30"]
[Round "4"]
[White "Yakovich, Yury"]
[Black "Aastroem, Robert"]
[Result "0-1"]
[WhiteElo "2530"]
[BlackElo "2425"]
[EventDate "1996.12.27"]
[PlyCount "86"]

1.d4 Nf6 2.c4 e6 3.Nf3 b6 4.e3 Bb7 5.Bd3 c5 6.O-O Be7 7.Nc3 cxd4 8.exd4 d5
9.cxd5 Nxd5 10.Ne5 O-O 11.Qh5 Nf6 12.Qh4 Ne4 13.Qg4 Nf6 14.Qg3 Nc6 15.Rd1 
Nb4 16.Bh6 Ne8 17.Bb5 Bh4 18.Qg4 f5 19.Qh5 Nc7 20.Bf4 Nxb5 21.Nxb5 Nd5 22.
Nd3 Bf6 23.Bd6 Ba6 24.Bxf8 Bxb5 25.Ba3 Bxd3 26.Rxd3 Nf4 27.Qf3 Nxd3 28.
Qxd3 Qxd4 29.Qe2 Qe5 30.Qa6 Qd5 31.h3 h6 32.Re1 Qxa2 33.Rd1 Rf8 34.Qb7 Rf7
35.Qc8+ Kh7 36.Re1 Qd5 37.Qxe6 Qxe6 38.Rxe6 Rd7 39.Re2 a5 40.Rc2 b5 41.b4 
Rd1+ 42.Kh2 Ra1 43.Bc1 axb4 0-1

[Event "26th Rilton Cup"]
[Site "Stockholm SWE"]
[Date "1996.12.31"]
[Round "5"]
[White "Aakesson, Ralf"]
[Black "Nilsson, Ove"]
[Result "1-0"]
[WhiteElo "2500"]
[BlackElo "2215"]
[EventDate "1996.12.27"]
[PlyCount "81"]

1.d4 Nf6 2.c4 c5 3.d5 e5 4.Nc3 d6 5.e4 Be7 6.h3 O-O 7.Bd3 Ne8 8.Nf3 a6 9.
a3 Nd7 10.b4 g6 11.g4 Ng7 12.Rg1 b5 13.cxb5 axb5 14.Bh6 Qb6 15.Bxb5 Nf6 
16.Nd2 cxb4 17.axb4 Bd7 18.Bxd7 Rxa1 19.Qxa1 Nxd7 20.Qa4 Bh4 21.Nd1 Nb8 
22.Ke2 Rc8 23.Be3 Qb7 24.Nb2 Bd8 25.Nbc4 Qe7 26.b5 h5 27.Qb4 hxg4 28.Qxd6 
Qb7 29.hxg4 Qxb5 30.Rb1 Qd7 31.f3 Ne8 32.Qxe5 Na6 33.Nb6 Bxb6 34.Rxb6 Nc5 
35.g5 Na4 36.Bd4 Qh3 37.Rc6 Ra8 38.Ra6 Qg2+ 39.Kd3 Nc5+ 40.Bxc5 Rxa6 41.
Qxe8+ 1-0

[Event "26th Rilton Cup"]
[Site "Stockholm SWE"]
[Date "1996.12.31"]
[Round "5"]
[White "Burwick, Malte"]
[Black "Berg, Klaus"]
[Result "1/2-1/2"]
[WhiteElo "2245"]
[BlackElo "2395"]
[EventDate "1996.12.27"]
[PlyCount "61"]

1.Nf3 Nf6 2.g3 d5 3.Bg2 c6 4.O-O Bg4 5.b3 e6 6.Bb2 Bd6 7.d3 O-O 8.Nbd2 
Nbd7 9.Qe1 e5 10.e4 Re8 11.h3 Bh5 12.Nh4 Qc7 13.Kh1 Rad8 14.a3 a5 15.Qb1 
dxe4 16.Nxe4 Nxe4 17.dxe4 Nc5 18.Bc3 f6 19.b4 axb4 20.axb4 Ne6 21.Nf5 Bf8 
22.Qa2 Bf7 23.Qa5 b6 24.Qa7 Qxa7 25.Rxa7 g6 26.Ne3 Nd4 27.Rb7 Rb8 28.Rxb8 
Rxb8 29.Ra1 Be6 30.Bf1 b5 31.Kg2 1/2-1/2

[Event "26th Rilton Cup"]
[Site "Stockholm SWE"]
[Date "1996.12.31"]
[Round "5"]
[White "Degerman, Lars"]
[Black "Hansen, Curt"]
[Result "1/2-1/2"]
[WhiteElo "2500"]
[BlackElo "2595"]
[EventDate "1996.12.27"]
[PlyCount "42"]

1.e4 d6 2.d4 Nf6 3.Nc3 g6 4.g3 Bg7 5.Bg2 O-O 6.Nge2 e5 7.h3 c6 8.a4 Nbd7 
9.O-O b6 10.Be3 Bb7 11.Re1 a6 12.g4 b5 13.Ng3 b4 14.Nb1 exd4 15.Bxd4 c5 
16.Be3 Qc7 17.c4 bxc3 18.Nxc3 Ne5 19.f4 Nc4 20.Bf2 Nd7 21.Qe2 Na5 1/2-1/2

[Event "26th Rilton Cup"]
[Site "Stockholm SWE"]
[Date "1996.12.31"]
[Round "5"]
[White "Engqvist, Thomas"]
[Black "Upmark, Johan"]
[Result "1/2-1/2"]
[WhiteElo "2375"]
[BlackElo "2140"]
[EventDate "1996.12.27"]
[PlyCount "84"]

1.Nf3 Nf6 2.c4 g6 3.Nc3 d5 4.Qa4+ c6 5.cxd5 Nxd5 6.Nxd5 Qxd5 7.e4 Qd8 8.d4
Bg7 9.h3 O-O 10.Be3 c5 11.Rd1 Qb6 12.Rd2 cxd4 13.Nxd4 Bd7 14.Qa3 Rc8 15.
Be2 Rc1+ 16.Bd1 Qa6 17.Qxa6 Nxa6 18.Ne2 Rc7 19.Bf4 e5 20.Be3 Bf8 21.a3 Bc5
22.Bg5 Kg7 23.Nc3 Be6 24.Nd5 Bxd5 25.exd5 f6 26.Be3 Rd8 27.O-O Bxe3 28.
fxe3 Nc5 29.Bc2 b6 30.Rfd1 Nb7 31.e4 Nd6 32.Re2 Rdc8 33.Bd3 Rc5 34.Kf2 
R8c7 35.g4 h6 36.Ke3 Rc1 37.Kd2 Rxd1+ 38.Kxd1 g5 39.Rc2 Rxc2 40.Kxc2 Kf7 
41.b4 Ke7 42.Kb3 Kd7 1/2-1/2

[Event "26th Rilton Cup"]
[Site "Stockholm SWE"]
[Date "1996.12.31"]
[Round "5"]
[White "Gretarsson, Helgi Ass"]
[Black "Gleizerov, Evgeny"]
[Result "1/2-1/2"]
[WhiteElo "2465"]
[BlackElo "2545"]
[EventDate "1996.12.27"]
[PlyCount "33"]

1.d4 e6 2.Nf3 f5 3.d5 Bb4+ 4.c3 Bd6 5.dxe6 dxe6 6.e4 fxe4 7.Ng5 Nf6 8.Be3 
Nd5 9.Qh5+ g6 10.Qe2 Bf4 11.Bxf4 Nxf4 12.Qb5+ Bd7 13.Qe5 O-O 14.Nxe4 Bc6 
15.Nbd2 Nd7 16.Qd4 Nf6 17.Nxf6+ 1/2-1/2

[Event "26th Rilton Cup"]
[Site "Stockholm SWE"]
[Date "1996.12.31"]
[Round "5"]
[White "Hamark, Jesper"]
[Black "Yakovich, Yury"]
[Result "0-1"]
[WhiteElo "2270"]
[BlackElo "2530"]
[EventDate "1996.12.27"]
[PlyCount "48"]

1.c4 e5 2.Nc3 Nf6 3.Nf3 Nc6 4.e4 Bb4 5.d3 d6 6.g3 Bg4 7.h3 Bxf3 8.Qxf3 Nd4
9.Qd1 Bc5 10.h4 c6 11.Bh3 O-O 12.O-O a6 13.a3 h6 14.Be3 b5 15.b4 Ba7 16.a4
a5 17.axb5 axb4 18.Na2 Bc5 19.Bd2 cxb5 20.cxb5 b3 21.Nc3 Rxa1 22.Qxa1 Nf3+
23.Kg2 Nxd2 24.Rd1 Bd4 0-1

[Event "26th Rilton Cup"]
[Site "Stockholm SWE"]
[Date "1996.12.31"]
[Round "5"]
[White "Hellers, Ferdinand"]
[Black "Brynell, Stellan"]
[Result "1/2-1/2"]
[WhiteElo "2585"]
[BlackElo "2445"]
[EventDate "1996.12.27"]
[PlyCount "59"]

1.e4 e6 2.d4 d5 3.Nc3 Nf6 4.e5 Nfd7 5.f4 c5 6.Nf3 Nc6 7.Be3 cxd4 8.Nxd4 
Bc5 9.Qd2 O-O 10.O-O-O a6 11.h4 Bxd4 12.Bxd4 b5 13.Kb1 b4 14.Ne2 a5 15.Be3
Ba6 16.Nd4 Nxd4 17.Bxd4 Bxf1 18.Rdxf1 Qc7 19.Re1 Nc5 20.Bxc5 Qxc5 21.g4 
Rac8 22.f5 a4 23.Rh3 Qc4 24.Rg3 Kh8 25.h5 Rc7 26.b3 axb3 27.cxb3 Qc5 28.f6
gxf6 29.exf6 Rfc8 30.g5 1/2-1/2

[Event "26th Rilton Cup"]
[Site "Stockholm SWE"]
[Date "1996.12.31"]
[Round "5"]
[White "Hellstroem, Aake"]
[Black "Ingbrant, Johan"]
[Result "0-1"]
[WhiteElo "2170"]
[BlackElo "2355"]
[EventDate "1996.12.27"]
[PlyCount "74"]

1.d4 d5 2.e3 g6 3.Bd3 Bg7 4.f4 Nh6 5.Nf3 Nd7 6.Nbd2 c5 7.c3 Qc7 8.O-O O-O 
9.Ng5 Nf6 10.Ndf3 c4 11.Bc2 Bf5 12.Ne5 Bxc2 13.Qxc2 Nf5 14.e4 dxe4 15.Nxe4
Nd6 16.Ng5 e6 17.Rf3 h6 18.Nh3 b5 19.Nf2 Qb7 20.Rh3 Nde4 21.g4 Nxf2 22.
Qxf2 Qe4 23.Re3 Qd5 24.h3 b4 25.Qe2 Rfc8 26.Bd2 bxc3 27.bxc3 Rab8 28.Be1 
Rb6 29.Bg3 Qb7 30.Nxc4 Rb1+ 31.Rxb1 Qxb1+ 32.Kf2 Nd5 33.Na3 Qc1 34.Rxe6 
Rxc3 35.Re8+ Kh7 36.Qe4 Nf6 37.Qe7 Nxe8 0-1

[Event "26th Rilton Cup"]
[Site "Stockholm SWE"]
[Date "1996.12.31"]
[Round "5"]
[White "Johansen, Terje"]
[Black "Vihinen, Teemu"]
[Result "1-0"]
[WhiteElo "2375"]
[BlackElo "2145"]
[EventDate "1996.12.27"]
[PlyCount "119"]

1.d4 e6 2.c4 f5 3.g3 Nf6 4.Bg2 d5 5.Nc3 c6 6.Nf3 Bd6 7.b3 O-O 8.Ne5 b6 9.
O-O Bb7 10.Nd3 Nbd7 11.Bf4 Qe7 12.Rc1 Rfd8 13.Qc2 Rac8 14.Rfd1 Ne4 15.Bxd6
Nxd6 16.Na4 Nf7 17.Nf4 g6 18.Nc3 Nf6 19.Qb2 Ba6 20.Na4 Bb7 21.e3 Re8 22.
Rc2 Kg7 23.Nc3 Ba6 24.Bf1 Bb7 25.Bg2 Ba6 26.Nce2 Bb7 27.Nd3 Nd7 28.Nef4 
Rh8 29.f3 h5 30.e4 g5 31.Ne2 Qf6 32.exd5 cxd5 33.f4 h4 34.Ne5 Ndxe5 35.
dxe5 Qh6 36.cxd5 hxg3 37.hxg3 Bxd5 38.Rxd5 Rxc2 39.Qxc2 exd5 40.Qxf5 b5 
41.e6 Nd8 42.Nd4 Qf6 43.Qxd5 gxf4 44.Be4 fxg3 45.Nf5+ Kg6 46.Nxg3+ Kg7 47.
Nf5+ Kg6 48.e7 Qg5+ 49.Ng3+ Kh6 50.Qd6+ Kg7 51.Qd4+ Kf7 52.exd8=N+ Rxd8 
53.Qxa7+ Kf8 54.Qc7 Rd1+ 55.Kf2 Qf6+ 56.Ke2 Rd8 57.Qc5+ Kg8 58.Qxb5 Qb2+ 
59.Kf3 Rf8+ 60.Kg4 1-0

[Event "26th Rilton Cup"]
[Site "Stockholm SWE"]
[Date "1996.12.31"]
[Round "5"]
[White "Johansson, Jan"]
[Black "Stefansson, Hannes Hlifar"]
[Result "1/2-1/2"]
[WhiteElo "2365"]
[BlackElo "2560"]
[EventDate "1996.12.27"]
[PlyCount "55"]

1.d4 Nf6 2.c4 e6 3.Nc3 Bb4 4.e3 O-O 5.Bd3 d5 6.Nf3 c5 7.O-O Nc6 8.a3 Bxc3 
9.bxc3 Qc7 10.Bb2 dxc4 11.Bxc4 e5 12.h3 Rd8 13.Qe2 b6 14.Rad1 Bb7 15.Ba2 
cxd4 16.cxd4 exd4 17.Nxd4 Nxd4 18.Bxd4 Qe7 19.Qb2 Ne4 20.Rfe1 Qg5 21.f3 
Ng3 22.e4 Nh5 23.Qf2 Nf4 24.Kh2 Ne6 25.Be3 Qe7 26.Qg3 Rd7 27.Rxd7 Qxd7 28.
Bh6 1/2-1/2

[Event "26th Rilton Cup"]
[Site "Stockholm SWE"]
[Date "1996.12.31"]
[Round "5"]
[White "Koskinen, Henri"]
[Black "Tisdall, Jonathan"]
[Result "1/2-1/2"]
[WhiteElo "2245"]
[BlackElo "2515"]
[EventDate "1996.12.27"]
[PlyCount "124"]

1.d4 Nf6 2.Nf3 d5 3.c4 e6 4.g3 Bb4+ 5.Bd2 Be7 6.Bg2 O-O 7.O-O c6 8.Qc2 b6 
9.b3 a5 10.Bc3 Ba6 11.Nbd2 Nbd7 12.e4 Rc8 13.Rfe1 dxe4 14.Nxe4 Nxe4 15.
Qxe4 Nf6 16.Qe3 Qc7 17.Rac1 Bb4 18.Ne5 c5 19.dxc5 bxc5 20.Red1 Bxc3 21.
Rxc3 Bb7 22.Bxb7 Qxb7 23.Rcd3 h6 24.Nd7 Nxd7 25.Rxd7 Qb6 26.Qf3 Rcd8 27.
Rxd8 Rxd8 28.Rxd8+ Qxd8 29.Qc6 Qd2 30.Qc8+ Kh7 31.Qxc5 Qxa2 32.Qe3 Qc2 33.
Qf3 e5 34.Qe3 f6 35.h3 g5 36.Qa7+ Kg6 37.Qxa5 Qxb3 38.Qd5 h5 39.Qe4+ Kf7 
40.c5 Qd1+ 41.Kh2 Qd4 42.Qc2 Ke7 43.c6 Kd8 44.Qa2 Kc7 45.Qf7+ Kxc6 46.
Qxf6+ Kc5 47.Qf8+ Kc4 48.Qc8+ Kd3 49.Kg1 g4 50.Qa6+ Kd2 51.hxg4 hxg4 52.
Qa2+ Kc1 53.Qa3+ Kc2 54.Qa2+ Kc1 55.Qa3+ Kd1 56.Qb3+ Ke1 57.Qb1+ Kd2 58.
Qa2+ Ke1 59.Qb1+ Qd1 60.Qe4+ Kd2+ 61.Kg2 Qe2 62.Qb4+ Kc2 1/2-1/2

[Event "26th Rilton Cup"]
[Site "Stockholm SWE"]
[Date "1996.12.31"]
[Round "5"]
[White "Lindgren, Fredrik"]
[Black "Djurhuus, Rune"]
[Result "0-1"]
[WhiteElo "2205"]
[BlackElo "2505"]
[EventDate "1996.12.27"]
[PlyCount "84"]

1.d4 Nf6 2.c4 g6 3.Nc3 Bg7 4.e4 d6 5.Nf3 O-O 6.Be2 Nbd7 7.Be3 e5 8.d5 Ng4 
9.Bg5 f6 10.Bd2 a5 11.O-O Nc5 12.Ne1 Nh6 13.Be3 b6 14.Qd2 Nf7 15.Nd3 f5 
16.exf5 gxf5 17.f4 Nxd3 18.Bxd3 Bd7 19.Rae1 Qf6 20.Kh1 Rae8 21.h3 Nh8 22.
fxe5 dxe5 23.c5 Nf7 24.Bc4 Kh8 25.d6 c6 26.Bxf7 Rxf7 27.cxb6 Qg6 28.b7 Rb8
29.Na4 Rxb7 30.Nc5 Rb5 31.b3 f4 32.Bg1 Be6 33.d7 Bxd7 34.Nxd7 Rd5 35.Nxe5 
Bxe5 36.Qf2 f3 37.gxf3 Qh5 38.Qg2 Rg7 39.Rxe5 Qxe5 40.Bh2 Qe6 41.Qf2 Qxh3 
42.Re1 h6 0-1

[Event "26th Rilton Cup"]
[Site "Stockholm SWE"]
[Date "1996.12.31"]
[Round "5"]
[White "Roenneland, Daniel"]
[Black "Sandstroem, Ludvig"]
[Result "1/2-1/2"]
[WhiteElo "2190"]
[BlackElo "2355"]
[EventDate "1996.12.27"]
[PlyCount "80"]

1.Nf3 Nf6 2.d4 g6 3.c4 Bg7 4.Nc3 O-O 5.e4 d6 6.Be2 c5 7.d5 e6 8.O-O exd5 
9.cxd5 Na6 10.Nd2 Nc7 11.a4 b6 12.Nc4 Ba6 13.Bg5 h6 14.Bh4 Re8 15.Qc2 Qd7 
16.h3 Bxc4 17.Bxc4 a6 18.f4 b5 19.e5 dxe5 20.fxe5 Nfxd5 21.Bxd5 Nxd5 22.
Rad1 Ne3 23.Rxd7 Nxc2 24.Rfxf7 Bxe5 25.Bf6 Bxf6 26.Rxf6 Rad8 27.Rxg6+ Kf8 
28.Rxd8 Rxd8 29.axb5 axb5 30.Nxb5 Rb8 31.Na3 Ne3 32.Re6 Rb3 33.Re5 Kf7 34.
Rxc5 Rxb2 35.g4 Rg2+ 36.Kh1 Rg3 37.Rh5 Nxg4 38.hxg4 Rxa3 39.Rxh6 Ra4 40.
Rh4 Kg6 1/2-1/2

[Event "26th Rilton Cup"]
[Site "Stockholm SWE"]
[Date "1996.12.31"]
[Round "5"]
[White "Tjomsland, Stig"]
[Black "Antonsen, Mikkel"]
[Result "0-1"]
[WhiteElo "2220"]
[BlackElo "2410"]
[EventDate "1996.12.27"]
[PlyCount "88"]

1.d4 Nf6 2.c4 g6 3.Nc3 Bg7 4.Nf3 d6 5.Bf4 O-O 6.e3 Nbd7 7.Be2 b6 8.h3 Bb7 
9.O-O e6 10.Qc2 Qe7 11.Rad1 Nh5 12.Bh2 f5 13.Qb3 f4 14.e4 c5 15.d5 exd5 
16.exd5 Rae8 17.Rfe1 Ne5 18.Kf1 Bc8 19.Nxe5 Bxe5 20.Bf3 Qh4 21.Ne2 Ng3+ 
22.Kg1 Nxe2+ 23.Rxe2 Bd4 24.Qc2 Kf7 25.Rxe8 Rxe8 26.Qd2 Re3 27.Kh1 Rxf3 
28.gxf3 g5 29.Kg1 Qxh3 30.Qe2 g4 31.Rxd4 cxd4 32.Qe4 gxf3 33.Qxf4+ Bf5 34.
Qg3 d3 35.Qxh3 Bxh3 36.Bf4 Kg6 37.Kh2 Kf5 38.Kg3 Ke4 39.Be3 Bf1 40.a3 Be2 
41.b4 Bd1 42.c5 bxc5 43.bxc5 dxc5 44.Bxc5 d2 0-1

[Event "26th Rilton Cup"]
[Site "Stockholm SWE"]
[Date "1996.12.31"]
[Round "5"]
[White "Ulybin, Mikhail"]
[Black "Sjoeberg, Mats"]
[Result "1-0"]
[WhiteElo "2550"]
[BlackElo "2430"]
[EventDate "1996.12.27"]
[PlyCount "83"]

1.d4 Nf6 2.c4 e6 3.g3 Bb4+ 4.Bd2 Bxd2+ 5.Qxd2 O-O 6.Bg2 d6 7.Nf3 c5 8.Nc3 
Bd7 9.O-O Bc6 10.d5 exd5 11.cxd5 Bd7 12.e4 Re8 13.Rfe1 Ng4 14.h3 Ne5 15.
Nxe5 dxe5 16.Nd1 Bb5 17.Ne3 Nc6 18.Qc3 Nd4 19.Qxc5 h5 20.Nf5 Rc8 21.Qxa7 
Nc2 22.d6 Bc6 23.Qc5 Nxa1 24.Ne7+ Rxe7 25.dxe7 Qc7 26.Rxa1 Re8 27.b4 Qxe7 
28.Qxe7 Rxe7 29.a4 b6 30.b5 Bb7 31.Rd1 Kf8 32.Rd6 Re6 33.Rxe6 fxe6 34.f4 
exf4 35.gxf4 e5 36.Kf2 Ke7 37.fxe5 Ke6 38.Kg3 Kxe5 39.Kh4 Kf4 40.Kxh5 Kg3 
41.Bh1 Kh2 42.Kg6 1-0

[Event "26th Rilton Cup"]
[Site "Stockholm SWE"]
[Date "1997.01.02"]
[Round "6"]
[White "Degerman, Lars"]
[Black "Gretarsson, Helgi Ass"]
[Result "1-0"]
[WhiteElo "2500"]
[BlackElo "2465"]
[EventDate "1996.12.27"]
[PlyCount "87"]

1.c4 e5 2.Nc3 Nf6 3.Nf3 Nc6 4.g3 d5 5.cxd5 Nxd5 6.Bg2 Nb6 7.O-O Be7 8.a3 
O-O 9.b4 Be6 10.Rb1 f6 11.Ne1 Qc8 12.Nd3 Bh3 13.Nc5 Bxg2 14.Kxg2 a5 15.d3 
axb4 16.axb4 f5 17.Qb3+ Kh8 18.Nb5 Bd6 19.Qe6 Qb8 20.Bd2 Rf6 21.Qb3 Na7 
22.Nxa7 Rxa7 23.Ra1 Rxa1 24.Rxa1 h6 25.Bc3 Qe8 26.Kg1 Qc6 27.d4 Bxc5 28.
bxc5 Nd5 29.dxe5 Re6 30.Bd4 Nf4 31.gxf4 Rg6+ 32.Qg3 Kg8 33.Ra8+ Kf7 34.Rd8
Rxg3+ 35.hxg3 Ke7 36.Rb8 Kf7 37.e3 Kg6 38.Rf8 Qe6 39.e4 Qd7 40.exf5+ Kh7 
41.e6 Qxd4 42.e7 Qd1+ 43.Kg2 Qd5+ 44.f3 1-0

[Event "26th Rilton Cup"]
[Site "Stockholm SWE"]
[Date "1997.01.02"]
[Round "6"]
[White "Gleizerov, Evgeny"]
[Black "Gausel, Einar"]
[Result "1/2-1/2"]
[WhiteElo "2545"]
[BlackElo "2520"]
[EventDate "1996.12.27"]
[PlyCount "31"]

1.d4 d5 2.c4 c6 3.Nf3 Nf6 4.Nc3 e6 5.g3 Be7 6.Bg2 O-O 7.O-O Nbd7 8.b3 Qa5 
9.Qd3 b5 10.cxb5 cxb5 11.Nxb5 Ba6 12.a4 Bxb5 13.Qxb5 Qxb5 14.axb5 Rfb8 15.
Ba3 Bd8 16.Nd2 1/2-1/2

[Event "26th Rilton Cup"]
[Site "Stockholm SWE"]
[Date "1997.01.02"]
[Round "6"]
[White "Hansen, Curt"]
[Black "Schandorff, Lars"]
[Result "1/2-1/2"]
[WhiteElo "2595"]
[BlackElo "2495"]
[EventDate "1996.12.27"]
[PlyCount "45"]

1.c4 Nf6 2.Nc3 c5 3.g3 d5 4.cxd5 Nxd5 5.Bg2 Nc7 6.Qb3 Nc6 7.Bxc6+ bxc6 8.
Nf3 f6 9.Qa4 Bd7 10.d3 e5 11.O-O Ne6 12.Be3 Nd4 13.Rfc1 Be7 14.Qd1 Rb8 15.
Na4 O-O 16.b3 Rb5 17.Rc3 Rf7 18.Rac1 Qf8 19.Nd2 f5 20.f3 g5 21.Nc4 Qg7 22.
Na3 Ra5 23.Nc4 1/2-1/2

[Event "26th Rilton Cup"]
[Site "Stockholm SWE"]
[Date "1997.01.02"]
[Round "6"]
[White "Hector, Jonny"]
[Black "Kaellgren, Mikael"]
[Result "1-0"]
[WhiteElo "2525"]
[BlackElo "2110"]
[EventDate "1996.12.27"]
[PlyCount "81"]

1.e4 e5 2.Nc3 Nf6 3.Nf3 Nc6 4.g3 Bc5 5.Bg2 d6 6.d3 Bg4 7.h3 Be6 8.Na4 Bb6 
9.Nxb6 axb6 10.d4 exd4 11.Nxd4 Nxd4 12.Qxd4 h6 13.b3 Qd7 14.g4 O-O 15.Bxh6
Rfe8 16.Bxg7 Kxg7 17.g5 Qe7 18.Rg1 Bf5 19.O-O-O Bg6 20.f4 Rxa2 21.f5 Qe5 
22.gxf6+ Kxf6 23.Qxe5+ Rxe5 24.fxg6 Rc5 25.Rgf1+ Kxg6 26.Rd2 Rg5 27.Rff2 
b5 28.Kb1 Ra8 29.Bf1 Re8 30.Rg2 Rxg2 31.Rxg2+ Kh5 32.Bd3 Kh4 33.Rg7 Kxh3 
34.Rxf7 c5 35.Rxb7 c4 36.bxc4 bxc4 37.Bxc4 Rxe4 38.Bd3 Rd4 39.Kb2 Kg3 40.
Kc3 Rd5 41.Rb5 1-0

[Event "26th Rilton Cup"]
[Site "Stockholm SWE"]
[Date "1997.01.02"]
[Round "6"]
[White "Olsson, Krister"]
[Black "Abedinov, Adnan"]
[Result "1-0"]
[WhiteElo "2350"]
[BlackElo "2150"]
[EventDate "1996.12.27"]
[PlyCount "87"]

1.e4 c5 2.Nf3 d6 3.d4 cxd4 4.Nxd4 Nf6 5.Nc3 g6 6.g3 Bg7 7.Bg2 O-O 8.O-O 
Qb6 9.Nb3 Bg4 10.Nd5 Nxd5 11.Qxd5 Nc6 12.c3 Be6 13.Qd1 a5 14.Be3 Qb5 15.
Re1 a4 16.Bf1 Bc4 17.Nd4 Nxd4 18.Bxc4 Nf3+ 19.Qxf3 Qxc4 20.a3 Ra5 21.Rad1 
Rb5 22.Qe2 Qc6 23.Bc1 Rc5 24.Qd3 Rd8 25.Be3 Rc4 26.Bg5 Rd7 27.Re2 e6 28.h4
h6 29.Bf4 d5 30.exd5 Rxd5 31.Qc2 Rh5 32.Rd6 Qf3 33.Qd3 Rxf4 34.gxf4 Qg4+ 
35.Kf1 Qxh4 36.Qf3 Rf5 37.Re4 b5 38.Rb4 Bf8 39.Qa8 Kg7 40.Rd8 Bxb4 41.Rg8+
Kf6 42.Qd8+ Be7 43.Qd4+ e5 44.Qb6+ 1-0

[Event "26th Rilton Cup"]
[Site "Stockholm SWE"]
[Date "1997.01.02"]
[Round "6"]
[White "Rosen, Peter"]
[Black "Lindgren, Fredrik"]
[Result "1-0"]
[WhiteElo "1998"]
[BlackElo "2205"]
[EventDate "1996.12.27"]
[PlyCount "65"]

1.d4 d5 2.Nc3 g6 3.e4 dxe4 4.Nxe4 Bg7 5.Nf3 Bg4 6.Bc4 Nf6 7.Neg5 Rf8 8.
Nxf7 Bxf3 9.Nxd8 Bxd1 10.Ne6 Bxc2 11.Nxg7+ Kd7 12.Ne6 Rh8 13.Bf4 b5 14.
Nc5+ Kc6 15.Be2 Kb6 16.Bf3 c6 17.Rc1 Bf5 18.a4 Nd5 19.a5+ Kxa5 20.Bxd5 
cxd5 21.Bc7+ Kb4 22.g4 Be4 23.f3 Bxf3 24.Nd3+ Ka4 25.Ra1+ Kb3 26.Ra3+ Kc2 
27.Rc3+ Kb1 28.Rg1 b4 29.Kd2+ Ka2 30.Nxb4+ Kxb2 31.Rc2+ Kb3 32.Rb1+ Ka4 
33.Nd3 1-0

[Event "26th Rilton Cup"]
[Site "Stockholm SWE"]
[Date "1997.01.02"]
[Round "6"]
[White "Sjoeberg, Mats"]
[Black "Solin, Niclas"]
[Result "1-0"]
[WhiteElo "2430"]
[BlackElo "2250"]
[EventDate "1996.12.27"]
[PlyCount "49"]

1.d4 Nf6 2.c4 g6 3.Nc3 Bg7 4.e4 d6 5.Be2 O-O 6.Bg5 Na6 7.Qd2 e5 8.d5 Nc5 
9.f3 a6 10.h4 c6 11.h5 cxd5 12.Nxd5 Ne6 13.h6 Bh8 14.Bh4 Nf4 15.Nxf4 exf4 
16.c5 Qe8 17.cxd6 Qe5 18.Rd1 g5 19.Bf2 Rd8 20.Bd4 Qxd6 21.e5 Qxd4 22.Qxd4 
Rxd4 23.Rxd4 Nd7 24.Bb5 Bxe5 25.Rd5 1-0

[Event "26th Rilton Cup"]
[Site "Stockholm SWE"]
[Date "1997.01.02"]
[Round "6"]
[White "Stefansson, Hannes Hlifar"]
[Black "Aastroem, Robert"]
[Result "0-1"]
[WhiteElo "2560"]
[BlackElo "2425"]
[EventDate "1996.12.27"]
[PlyCount "68"]

1.c4 e5 2.Nc3 Nf6 3.Nf3 Nc6 4.g3 Bb4 5.Nd5 e4 6.Nh4 d6 7.Bg2 O-O 8.Nxf6+ 
Qxf6 9.Bxe4 Bh3 10.Bg2 Bxg2 11.Nxg2 Rae8 12.Nf4 Qd4 13.O-O Qxc4 14.d3 Qb5 
15.a3 Ba5 16.b4 Bb6 17.Rb1 Nd8 18.a4 Qd7 19.Bb2 c6 20.e3 Ne6 21.Qg4 f5 22.
Qf3 Nxf4 23.Qxf4 Bc7 24.b5 d5 25.bxc6 bxc6 26.Qf3 h6 27.Bd4 Be5 28.Bxe5 
Rxe5 29.Qf4 Qe6 30.Rb7 g5 31.Qd4 f4 32.exf4 gxf4 33.Rxa7 f3 34.Kh1 c5 0-1

[Event "26th Rilton Cup"]
[Site "Stockholm SWE"]
[Date "1997.01.02"]
[Round "6"]
[White "Tisdall, Jonathan"]
[Black "Raud, Rainek"]
[Result "1/2-1/2"]
[WhiteElo "2515"]
[BlackElo "2365"]
[EventDate "1996.12.27"]
[PlyCount "85"]

1.d4 c5 2.d5 e5 3.c4 d6 4.Nc3 Be7 5.e4 Bg5 6.Bxg5 Qxg5 7.Qa4+ Kf8 8.Nf3 
Qe7 9.g3 g6 10.Bg2 Kg7 11.O-O Nd7 12.Rae1 h5 13.Qc2 Nh6 14.Qd2 Nf8 15.a3 
Bg4 16.b4 b6 17.bxc5 bxc5 18.Rb1 Bxf3 19.Bxf3 h4 20.Rb3 Nh7 21.Bg2 hxg3 
22.hxg3 Rab8 23.Rfb1 Rxb3 24.Rxb3 Rd8 25.Nd1 Ng4 26.Bf3 Ngf6 27.Nc3 Rd7 
28.Bg2 Rb7 29.Qb2 Rxb3 30.Qxb3 Ng4 31.Bf3 Nh6 32.Qb8 Ng5 33.Be2 Qd7 34.Qb5
Qh3 35.Qc6 Ng4 36.Bxg4 Qxg4 37.Qxd6 Qf3 38.Qxe5+ f6 39.Qe7+ Kg8 40.Qe8+ 
Kg7 41.Qe7+ Kg8 42.Qd8+ Kg7 43.Qe7+ 1/2-1/2

[Event "26th Rilton Cup"]
[Site "Stockholm SWE"]
[Date "1997.01.02"]
[Round "6"]
[White "Wedberg, Tom"]
[Black "Hellers, Ferdinand"]
[Result "1/2-1/2"]
[WhiteElo "2480"]
[BlackElo "2585"]
[EventDate "1996.12.27"]
[PlyCount "29"]

1.c4 c5 2.Nc3 Nf6 3.g3 g6 4.Bg2 Bg7 5.e4 O-O 6.Nge2 Nc6 7.d3 a6 8.a4 d6 9.
O-O Rb8 10.Rb1 Bd7 11.h3 Ne8 12.Be3 Nc7 13.d4 cxd4 14.Nxd4 b5 15.axb5 
1/2-1/2

[Event "26th Rilton Cup"]
[Site "Stockholm SWE"]
[Date "1997.01.02"]
[Round "6"]
[White "Borbjerggaard, Lars"]
[Black "Engqvist, Thomas"]
[Result "0-1"]
[WhiteElo "2220"]
[BlackElo "2375"]
[EventDate "1996.12.27"]
[PlyCount "80"]

1.d4 Nf6 2.c4 e6 3.Nc3 Bb4 4.e3 c5 5.Bd3 Nc6 6.Ne2 cxd4 7.exd4 d5 8.a3 
dxc4 9.Bxc4 Bd6 10.O-O O-O 11.Qd3 e5 12.d5 e4 13.Nxe4 Ne5 14.Qd4 Nxe4 15.
Qxe4 Bg4 16.Ng3 f5 17.Qd4 h5 18.Kh1 h4 19.Ne2 h3 20.g3 Bf3+ 21.Kg1 Bg2 22.
f4 Rc8 23.fxe5 Bc5 24.d6+ Kh7 25.Rf4 Bxd4+ 26.Rxd4 Rxc4 27.Rxc4 Qb6+ 28.
Rd4 Bf3 29.Be3 Qb3 30.Kf2 Bxe2 31.Re1 Bb5 32.Rd2 Bc6 33.d7 f4 34.gxf4 
Rxf4+ 35.Bxf4 Qf3+ 36.Kg1 Qh1+ 37.Kf2 Qg2+ 38.Ke3 Qe4+ 39.Kf2 Qxf4+ 40.Ke2
Qf3# 0-1

[Event "26th Rilton Cup"]
[Site "Stockholm SWE"]
[Date "1997.01.03"]
[Round "7"]
[White "Agrest, Evgenij"]
[Black "Yakovich, Yury"]
[Result "0-1"]
[WhiteElo "2475"]
[BlackElo "2530"]
[EventDate "1996.12.27"]
[PlyCount "88"]

1.d4 Nf6 2.c4 e6 3.Nc3 Bb4 4.Qc2 O-O 5.a3 Bxc3+ 6.Qxc3 b6 7.Bg5 Bb7 8.e3 
d6 9.f3 Nbd7 10.Nh3 c5 11.e4 h6 12.Be3 cxd4 13.Qxd4 d5 14.cxd5 exd5 15.e5 
Ne8 16.Bb5 Nc7 17.Bxd7 Qxd7 18.O-O Rfe8 19.a4 Qf5 20.f4 Ne6 21.Qd1 d4 22.
Bd2 Rac8 23.Ra3 Rc2 24.Nf2 Rc4 25.Qe2 Rec8 26.Qd3 Qxd3 27.Nxd3 Rc2 28.Rf2 
Be4 29.b4 R8c4 30.h3 Nc7 31.Re2 R4c3 32.Bxc3 Rxe2 33.Nf2 dxc3 34.Rxc3 Nd5 
35.Rc4 Bf5 36.Rd4 Re1+ 37.Kh2 Ne3 38.g4 Be6 39.Rd8+ Kh7 40.f5 Bd5 41.Nd3 
Rd1 42.Nf4 Bb3 43.Ra8 Rd4 44.e6 Rxf4 0-1